00402nam a2200133Ia 450000500170000000800410001702000180005808200220007610000220009824500810012026000330020130000140023444000200024820250218141122.0240126s9999 xx 000 0 und d a9781484270196 a005.437 HIL;1 R aHillmann, Cornel. 0aUX for XR : user experience design and strategies for immersive technologies bApress MediaaNew Yorkc2021 axxiv, 255 aDesign thinking